My Top 10 Favorite Movies - Statistics

General Stats
  • This quiz has been taken 24 times
    4 since last reset
  • The average score is 8 of 10
Answer Stats
Picture Hint Answer % Correct
7 Ace Ventura: Pet Detective
100%
4 Back to the Future
100%
10 Goldfinger
100%
2 Raiders of the Lost Ark
100%
9 Spider-Man
100%
8 The Thing
100%
3 Bill & Ted's Excellent Adventure
75%
1 Clue
50%
6 The Dark Crystal
50%
5 Summer School
0%
No matching quizzes found
Score Distribution
Percent of People with Each Score
Percentile by Number Answered
Your Score History
You have not taken this quiz since the last reset